ห้องสมุด วิทยาลัยพยาบาลบรมราชชนนี อุดรธานี
Boromarajonani College of Nursing, Udonthani
เปลี่ยนเป็นภาษาไทย

Change to English
 แสดงรายละเอียดบรรณานุกรม
  กลับหน้าหลัก

Brief Record : Get Marc (ISO 2709) : E-mail record : QR code ปิดหน้าต่าง
หนังสืออ้างอิง : เกี่ยวกับ Collections
mysqli: Table './ulib2015/stat_globaluid' is marked as crashed and last (automatic?) repair failed
select id from stat_globaluid where statuid='20260417223030_1334' 
mysqli: Table './ulib2015/stat_globaluid' is marked as crashed and last (automatic?) repair failed
DELETE FROM stat_globaluid
			WHERE id NOT IN (
			  SELECT id
			  FROM (
				SELECT id
				FROM stat_globaluid
				ORDER BY id DESC
				LIMIT 100
			  ) foo
			); 
mysqli: Table './ulib2015/stat_globaluid' is marked as crashed and last (automatic?) repair failed
insert into stat_globaluid set
		statuid='20260417223030_1334',
		dt='1776439830',
		phpself='/ULIB/dublinfull.php',
		agent='Mozilla/5.0 AppleWebKit/537.36 (KHTML, like Gecko; compatible; ClaudeBot/1.0; +claudebot@anthropic.com)',
		yea='2026',
		mon='4',
		dat='17',
		ip='216.73.216.55'
		
		
LEADER 00566nam 2200193 a 4500
001    8535
003     ULIBM
008    191010s2543 th m a000 0 tha d
024    974-678-204-5
050  4 ^aQV 740^bอ631ก 2543
245 00 ^a การติดตามตรวจวัดระดับยาในเลือด /^cอาภรณี ไชยาคำ.
250    ^aพิมพ์ครั้งที่ 1.
260    ^aขอนแก่น:^bภาควิชาเภสัชกรรมคลินิก คณะเภสัชศาสตร์ มหาวิทยาลัยขอนแก่น,^c2543.
300    ^a 221หน้า
650  7 ^aการตรวจวัดระดับยาในเลือด--การวินิจฉัยและการรักษา.
710 2  ^aอาภรณี ไชยาคำ.
945    ^p0^l0^i22852
945    ^p0^l0^i22853
945    ^p0^l0^i22854
945    ^p0^l0^i22855
945    ^p0^l0^i22856
999     ^aลิขิตลักษณ์
รายการนี้ยังไม่มีแท็ก
คุณยังไม่ได้ล็อกอิน คุณสามารถมีกิจกรรมร่วมกับเว็บไซต์ได้ แต่ต้องล็อกอินก่อน ::
  ล็อกอิน
ลำดับที่ ประเภท เลขเรียก/บาร์โค้ด สถานที่ สถานะ
1. หนังสือการพยาบาล
หนังสือการพยาบาล
QV 740 อ631ก 2543  
  Barcode: 22852
หนังสือทั่วไป On Shelf
   [แสดง 1/1 รายการ]

mysqli: Can't create/write to file '/var/tmp/#sql_59d_0.MAI' (Errcode: 2)
select * from index_db where titl like '%การติดตามตรวจวัดระดับยาในเลือด / อาภรณี  ไชยาคำ.%' and mid<>'8535'  order by rand() limit 3
mysqli: Can't create/write to file '/var/tmp/#sql_59d_0.MAI' (Errcode: 2)
select * from index_db where subj like '%การตรวจวัดระดับยาในเลือด--การวินิจฉัยและการรักษา.%' and mid<>'8535'  order by rand() limit 3

BibComment


ยังไม่เคยถูกคอมเมนท์

คอมเมนท์ทรัพยากรรายการนี้
  คอมเมนท์: การติดตามตรวจวั..
Bib 8535

 
 
 

 Union Library Management : ULibM
Copyright 2026. All Rights Reserved.